Gdzie tak naprawdę są polskie lotniska? - Statystyki

Ogólne statystyki
  • Ten quiz został rozwiązany 129 razy
    18 od ostatniego zresetowania
  • Średni wynik to 4 z 8
Statystyki odpowiedzi
Główne miasto Prawdziwa lokalizacja % Poprawnych
Kraków Balice
83%
Katowice Pyrzowice
78%
Rzeszów Jasionka
61%
Lublin Świdnik
39%
Zielona Góra Babimost
33%
Warszawa Nowy Dwór Mazowiecki
33%
Olsztyn Szymany
28%
Szczecin Glewice
6%
Nie znaleziono quizów pasujących do podanych kryteriów
Rozkład punktacji
Procent ludzi z każdym wynikiem
Percentyl według liczby udzielonych odpowiedzi
Twoja historia wyników
Nie rozwiązałeś tego quizu od ostatniego zresetowania